Tạp chí Khoa học & Công nghệ Việt Nam = Vietnam Journal of science and technology - most Tập 63 - Số 12
Trong số này trình bày các lĩnh vực về Khoa học Tự nhiên, Khoa học Kỹ thuật và Công nghệ, Khoa học Y - Dược, Khoa học Nông nghiệp, Khoa học Xã hội và Nhân văn
Đã lưu trong:
| Formáid: | Leabhar |
|---|---|
| Teanga: | Vietnamese |
| Foilsithe: |
H.
Bộ Khoa học và Công nghệ
2021
|
| Ábhair: | |
| Clibeanna: |
Cuir Clib Leis
Gan Chlibeanna, Bí ar an gcéad duine leis an taifead seo a chlibeáil!
|
| Thư viện lưu trữ: | Thư viện Trường Đại học Nam Cần Thơ |
|---|
| LEADER | 01152nam a22002177a 4500 | ||
|---|---|---|---|
| 001 | NCT_129207 | ||
| 008 | 220530b xxu||||| |||| 00| 0 vie d | ||
| 999 | |c 6626 |d 6626 | ||
| 022 | |a 1859-4794 | ||
| 041 | |a vie | ||
| 082 | 0 | 4 | |2 23rd ed. |a 600 |b T109C |
| 245 | 0 | 0 | |a Tạp chí Khoa học & Công nghệ Việt Nam = |b Vietnam Journal of science and technology - most |n Tập 63 - Số 12 |c Bộ Khoa học và Công nghệ |
| 260 | |a H. |b Bộ Khoa học và Công nghệ |c 2021 | ||
| 300 | |c 29cm | ||
| 362 | |a 12/2021 | ||
| 520 | 3 | |a Trong số này trình bày các lĩnh vực về Khoa học Tự nhiên, Khoa học Kỹ thuật và Công nghệ, Khoa học Y - Dược, Khoa học Nông nghiệp, Khoa học Xã hội và Nhân văn | |
| 655 | |a Tạp chí | ||
| 942 | |2 ddc |c CR | ||
| 952 | |0 0 |1 0 |2 ddc |4 0 |6 600_000000000000000_T109C |7 0 |9 24500 |a 000001 |b 000001 |d 2022-05-30 |o 600 T109C |r 2022-05-30 |w 2022-05-30 |y CR | ||
| 952 | |0 0 |1 0 |2 ddc |4 0 |6 600_000000000000000_T109C |7 0 |9 24501 |a 000001 |b 000001 |d 2022-05-30 |o 600 T109C |r 2022-05-30 |w 2022-05-30 |y CR | ||
| 980 | |a Thư viện Trường Đại học Nam Cần Thơ | ||